<?xml version="1.0" encoding="UTF-8"?>
<collection xmlns="http://www.loc.gov/MARC21/slim">
 <record>
  <leader>05115nam a22010577i 4500</leader>
  <controlfield tag="001">000541849</controlfield>
  <controlfield tag="003">CZ-PrVSE</controlfield>
  <controlfield tag="005">20241115144450.0</controlfield>
  <controlfield tag="007">ta</controlfield>
  <controlfield tag="008">180321s2017    xr ac  fr     000 0 cze d</controlfield>
  <datafield tag="015" ind1=" " ind2=" ">
   <subfield code="a">cnb002984832</subfield>
  </datafield>
  <datafield tag="020" ind1=" " ind2=" ">
   <subfield code="a">978-80-245-2192-3</subfield>
   <subfield code="q">(brožováno)</subfield>
  </datafield>
  <datafield tag="035" ind1=" " ind2=" ">
   <subfield code="a">(OCoLC)1039850221</subfield>
  </datafield>
  <datafield tag="040" ind1=" " ind2=" ">
   <subfield code="a">ABA006</subfield>
   <subfield code="b">cze</subfield>
   <subfield code="c">ABA006</subfield>
   <subfield code="d">ABA006</subfield>
   <subfield code="e">rda</subfield>
  </datafield>
  <datafield tag="041" ind1="0" ind2=" ">
   <subfield code="a">cze</subfield>
   <subfield code="b">eng</subfield>
  </datafield>
  <datafield tag="072" ind1=" " ind2="7">
   <subfield code="a">378</subfield>
   <subfield code="x">Vysoké školy</subfield>
   <subfield code="2">Konspekt</subfield>
   <subfield code="9">22</subfield>
  </datafield>
  <datafield tag="072" ind1=" " ind2="9">
   <subfield code="a">378</subfield>
   <subfield code="x">Higher education</subfield>
   <subfield code="2">Conspectus</subfield>
   <subfield code="9">22</subfield>
  </datafield>
  <datafield tag="080" ind1=" " ind2=" ">
   <subfield code="a">378</subfield>
   <subfield code="2">MRF_2014</subfield>
  </datafield>
  <datafield tag="080" ind1=" " ind2=" ">
   <subfield code="a">378.6:33</subfield>
   <subfield code="2">MRF_2003</subfield>
  </datafield>
  <datafield tag="080" ind1=" " ind2=" ">
   <subfield code="a">377:33</subfield>
   <subfield code="2">MRF_2003</subfield>
  </datafield>
  <datafield tag="080" ind1=" " ind2=" ">
   <subfield code="a">371(091)</subfield>
   <subfield code="2">MRF_2003</subfield>
  </datafield>
  <datafield tag="080" ind1=" " ind2=" ">
   <subfield code="a">33:37.016</subfield>
   <subfield code="2">MRF_2003</subfield>
  </datafield>
  <datafield tag="080" ind1=" " ind2=" ">
   <subfield code="a">37.091.3</subfield>
   <subfield code="2">MRF_2014</subfield>
  </datafield>
  <datafield tag="080" ind1=" " ind2=" ">
   <subfield code="a">(437.3)</subfield>
   <subfield code="2">MRF_2003</subfield>
  </datafield>
  <datafield tag="080" ind1=" " ind2=" ">
   <subfield code="a">(437)</subfield>
   <subfield code="2">MRF_2003</subfield>
  </datafield>
  <datafield tag="080" ind1=" " ind2=" ">
   <subfield code="a">(4-191.2)</subfield>
   <subfield code="2">MRF_2003</subfield>
  </datafield>
  <datafield tag="080" ind1=" " ind2=" ">
   <subfield code="a">(082)</subfield>
   <subfield code="2">MRF_2003</subfield>
  </datafield>
  <datafield tag="099" ind1=" " ind2="9">
   <subfield code="a">378.6SKŘ</subfield>
  </datafield>
  <datafield tag="245" ind1="0" ind2="0">
   <subfield code="a">Dějiny VŠE v Praze.</subfield>
   <subfield code="n">II,</subfield>
   <subfield code="p">VŠE v Praze na přelomu 50. a 60. let v kontextu dějin vysokoškolské výuky ekonomických oborů ve střední Evropě /</subfield>
   <subfield code="c">Aleš Skřivan ml., Andrej Tóth (eds.)</subfield>
  </datafield>
  <datafield tag="246" ind1="3" ind2="0">
   <subfield code="a">VŠE v Praze na přelomu 50. a 60. let v kontextu dějin vysokoškolské výuky ekonomických oborů ve střední Evropě</subfield>
  </datafield>
  <datafield tag="250" ind1=" " ind2=" ">
   <subfield code="a">Vydání první</subfield>
  </datafield>
  <datafield tag="264" ind1=" " ind2="1">
   <subfield code="a">Praha :</subfield>
   <subfield code="b">Oeconomica,</subfield>
   <subfield code="c">2017</subfield>
  </datafield>
  <datafield tag="300" ind1=" " ind2=" ">
   <subfield code="a">639 stran :</subfield>
   <subfield code="b">ilustrace, portréty</subfield>
  </datafield>
  <datafield tag="336" ind1=" " ind2=" ">
   <subfield code="a">text</subfield>
   <subfield code="b">txt</subfield>
   <subfield code="2">rdacontent</subfield>
  </datafield>
  <datafield tag="337" ind1=" " ind2=" ">
   <subfield code="a">bez média</subfield>
   <subfield code="b">n</subfield>
   <subfield code="2">rdamedia</subfield>
  </datafield>
  <datafield tag="338" ind1=" " ind2=" ">
   <subfield code="a">svazek</subfield>
   <subfield code="b">nc</subfield>
   <subfield code="2">rdacarrier</subfield>
  </datafield>
  <datafield tag="500" ind1=" " ind2=" ">
   <subfield code="a">Nad názvem: Vysoká škola ekonomická v Praze</subfield>
  </datafield>
  <datafield tag="500" ind1=" " ind2=" ">
   <subfield code="a">Na obálce nad názvem: Národohospodářská fakulta</subfield>
  </datafield>
  <datafield tag="504" ind1=" " ind2=" ">
   <subfield code="a">Obsahuje bibliografické odkazy a rejstřík</subfield>
  </datafield>
  <datafield tag="546" ind1=" " ind2=" ">
   <subfield code="a">Anglické resumé</subfield>
  </datafield>
  <datafield tag="610" ind1="2" ind2="7">
   <subfield code="a">Vysoká škola ekonomická v Praze</subfield>
   <subfield code="7">kn20010709403</subfield>
   <subfield code="2">czenas</subfield>
  </datafield>
  <datafield tag="648" ind1=" " ind2="7">
   <subfield code="a">1951-1960</subfield>
   <subfield code="7">ch460583</subfield>
   <subfield code="2">czenas</subfield>
  </datafield>
  <datafield tag="648" ind1=" " ind2="7">
   <subfield code="a">1961-1970</subfield>
   <subfield code="7">ch460584</subfield>
   <subfield code="2">czenas</subfield>
  </datafield>
  <datafield tag="650" ind1="0" ind2="7">
   <subfield code="a">vysoké školy</subfield>
   <subfield code="7">ph116649</subfield>
   <subfield code="2">czenas</subfield>
  </datafield>
  <datafield tag="650" ind1="0" ind2="7">
   <subfield code="a">vysoké ekonomické školy</subfield>
   <subfield code="7">ph172773</subfield>
   <subfield code="2">czenas</subfield>
  </datafield>
  <datafield tag="650" ind1="0" ind2="7">
   <subfield code="a">ekonomické vzdělávání</subfield>
   <subfield code="7">ph307604</subfield>
   <subfield code="2">czenas</subfield>
  </datafield>
  <datafield tag="650" ind1="0" ind2="7">
   <subfield code="a">dějiny školství</subfield>
   <subfield code="7">ph536908</subfield>
   <subfield code="2">czenas</subfield>
  </datafield>
  <datafield tag="650" ind1="0" ind2="7">
   <subfield code="a">ekonomické předměty</subfield>
   <subfield code="7">ph200814</subfield>
   <subfield code="2">czenas</subfield>
  </datafield>
  <datafield tag="650" ind1="0" ind2="7">
   <subfield code="a">studium a výuka</subfield>
   <subfield code="7">ph136700</subfield>
   <subfield code="2">czenas</subfield>
  </datafield>
  <datafield tag="651" ind1=" " ind2="7">
   <subfield code="a">Česko</subfield>
   <subfield code="7">ge128065</subfield>
   <subfield code="2">czenas</subfield>
  </datafield>
  <datafield tag="651" ind1=" " ind2="7">
   <subfield code="a">Československo</subfield>
   <subfield code="7">ge131689</subfield>
   <subfield code="2">czenas</subfield>
  </datafield>
  <datafield tag="651" ind1=" " ind2="7">
   <subfield code="a">Evropa střední</subfield>
   <subfield code="7">ge137882</subfield>
   <subfield code="2">czenas</subfield>
  </datafield>
  <datafield tag="655" ind1=" " ind2="7">
   <subfield code="a">sborníky</subfield>
   <subfield code="7">fd724344</subfield>
   <subfield code="2">czenas</subfield>
  </datafield>
  <datafield tag="650" ind1="0" ind2="9">
   <subfield code="a">universities and colleges</subfield>
   <subfield code="2">eczenas</subfield>
  </datafield>
  <datafield tag="650" ind1="0" ind2="9">
   <subfield code="a">universities of economics</subfield>
   <subfield code="2">eczenas</subfield>
  </datafield>
  <datafield tag="650" ind1="0" ind2="9">
   <subfield code="a">economics education</subfield>
   <subfield code="2">eczenas</subfield>
  </datafield>
  <datafield tag="650" ind1="0" ind2="9">
   <subfield code="a">history of education</subfield>
   <subfield code="2">eczenas</subfield>
  </datafield>
  <datafield tag="650" ind1="0" ind2="9">
   <subfield code="a">economic subjects</subfield>
   <subfield code="2">eczenas</subfield>
  </datafield>
  <datafield tag="650" ind1="0" ind2="9">
   <subfield code="a">study and teaching</subfield>
   <subfield code="2">eczenas</subfield>
  </datafield>
  <datafield tag="651" ind1=" " ind2="9">
   <subfield code="a">Czechia</subfield>
   <subfield code="2">eczenas</subfield>
  </datafield>
  <datafield tag="651" ind1=" " ind2="9">
   <subfield code="a">Czechoslovakia</subfield>
   <subfield code="2">eczenas</subfield>
  </datafield>
  <datafield tag="651" ind1=" " ind2="9">
   <subfield code="a">Europe, Central</subfield>
   <subfield code="2">eczenas</subfield>
  </datafield>
  <datafield tag="655" ind1=" " ind2="9">
   <subfield code="a">papers</subfield>
   <subfield code="2">eczenas</subfield>
  </datafield>
  <datafield tag="700" ind1="1" ind2=" ">
   <subfield code="a">Skřivan, Aleš,</subfield>
   <subfield code="d">1973-</subfield>
   <subfield code="7">jo20000082476</subfield>
   <subfield code="4">edt</subfield>
   <subfield code="4">aut</subfield>
  </datafield>
  <datafield tag="700" ind1="1" ind2=" ">
   <subfield code="a">Tóth, Andrej,</subfield>
   <subfield code="d">1975-</subfield>
   <subfield code="7">osa2012725312</subfield>
   <subfield code="4">edt</subfield>
   <subfield code="4">aut</subfield>
  </datafield>
  <datafield tag="710" ind1="2" ind2=" ">
   <subfield code="a">Vysoká škola ekonomická v Praze.</subfield>
   <subfield code="b">Národohospodářská fakulta</subfield>
   <subfield code="7">kn20010709401</subfield>
   <subfield code="4">pbl</subfield>
  </datafield>
  <datafield tag="975" ind1="1" ind2=" ">
   <subfield code="a">Brhelová, Jana</subfield>
   <subfield code="4">oth</subfield>
  </datafield>
  <datafield tag="975" ind1="1" ind2=" ">
   <subfield code="a">Brožek, Jan</subfield>
   <subfield code="7">vse2015889186</subfield>
   <subfield code="4">oth</subfield>
  </datafield>
  <datafield tag="975" ind1="1" ind2=" ">
   <subfield code="a">Černohlávková, Eva,</subfield>
   <subfield code="d">1936-2016</subfield>
   <subfield code="7">jn20010310428</subfield>
   <subfield code="4">oth</subfield>
  </datafield>
  <datafield tag="975" ind1="1" ind2=" ">
   <subfield code="a">Drábek, Jakub,</subfield>
   <subfield code="d">1989-</subfield>
   <subfield code="7">xx0222450</subfield>
   <subfield code="4">oth</subfield>
  </datafield>
  <datafield tag="975" ind1="1" ind2=" ">
   <subfield code="a">Holeňová, Petra</subfield>
   <subfield code="4">oth</subfield>
  </datafield>
  <datafield tag="975" ind1="1" ind2=" ">
   <subfield code="a">Chalupecký, Petr</subfield>
   <subfield code="7">ola2015859871</subfield>
   <subfield code="4">oth</subfield>
  </datafield>
  <datafield tag="975" ind1="1" ind2=" ">
   <subfield code="a">Janhuba, Miloslav,</subfield>
   <subfield code="d">1950-</subfield>
   <subfield code="7">jn19990009865</subfield>
   <subfield code="4">oth</subfield>
  </datafield>
  <datafield tag="975" ind1="1" ind2=" ">
   <subfield code="a">Mackenzie, Iveta</subfield>
   <subfield code="4">oth</subfield>
  </datafield>
  <datafield tag="975" ind1="1" ind2=" ">
   <subfield code="a">Mikeš, Jan</subfield>
   <subfield code="4">oth</subfield>
  </datafield>
  <datafield tag="975" ind1="1" ind2=" ">
   <subfield code="a">Müllerová, Františka,</subfield>
   <subfield code="d">1948-</subfield>
   <subfield code="7">mzk2004229351</subfield>
   <subfield code="4">oth</subfield>
  </datafield>
  <datafield tag="975" ind1="1" ind2=" ">
   <subfield code="a">Novotný, Lukáš</subfield>
   <subfield code="4">oth</subfield>
  </datafield>
  <datafield tag="975" ind1="1" ind2=" ">
   <subfield code="a">Synek, Miloslav,</subfield>
   <subfield code="d">1935-2022</subfield>
   <subfield code="7">jk01122248</subfield>
   <subfield code="4">oth</subfield>
  </datafield>
  <datafield tag="975" ind1="1" ind2=" ">
   <subfield code="a">Szobi, Pavel,</subfield>
   <subfield code="d">1983-</subfield>
   <subfield code="7">mzk2014833147</subfield>
   <subfield code="4">oth</subfield>
  </datafield>
  <datafield tag="975" ind1="1" ind2=" ">
   <subfield code="a">Závodský, Prokop,</subfield>
   <subfield code="d">1944-</subfield>
   <subfield code="7">jk01152256</subfield>
   <subfield code="4">oth</subfield>
  </datafield>
  <datafield tag="993" ind1=" " ind2=" ">
   <subfield code="a">007724513</subfield>
  </datafield>
  <datafield tag="996" ind1=" " ind2=" ">
   <subfield code="1">HSTU1</subfield>
   <subfield code="3">A 11711/II-V1</subfield>
   <subfield code="4">N:G</subfield>
   <subfield code="5">4202145524</subfield>
   <subfield code="7">2. díl</subfield>
   <subfield code="8">20220127</subfield>
   <subfield code="9">378SKŘ</subfield>
   <subfield code="b">2. díl</subfield>
   <subfield code="f">85</subfield>
   <subfield code="h">2. díl</subfield>
   <subfield code="l">UEP01</subfield>
   <subfield code="m">BOOK</subfield>
   <subfield code="q">Knihovna FM JH studovna I</subfield>
   <subfield code="t">prezenční</subfield>
   <subfield code="u">UEP01</subfield>
  </datafield>
  <datafield tag="996" ind1=" " ind2=" ">
   <subfield code="1">PJMSK</subfield>
   <subfield code="2">SVSE</subfield>
   <subfield code="3">F221145/IIc</subfield>
   <subfield code="4">N:vl. tisk</subfield>
   <subfield code="5">3142312140</subfield>
   <subfield code="8">20180321</subfield>
   <subfield code="9">378.6SKŘ</subfield>
   <subfield code="f">81</subfield>
   <subfield code="l">UEP01</subfield>
   <subfield code="m">BOOK</subfield>
   <subfield code="q">Knihovna JM - sklad</subfield>
   <subfield code="r">Dějiny VŠE</subfield>
   <subfield code="t">na 1 měsíc</subfield>
   <subfield code="u">UEP01</subfield>
   <subfield code="w">20180625</subfield>
  </datafield>
  <datafield tag="996" ind1=" " ind2=" ">
   <subfield code="1">PJMSK</subfield>
   <subfield code="2">SVSE</subfield>
   <subfield code="3">F221145/IId</subfield>
   <subfield code="4">N:vl. tisk</subfield>
   <subfield code="5">3142312141</subfield>
   <subfield code="8">20180321</subfield>
   <subfield code="9">378.6SKŘ</subfield>
   <subfield code="f">81</subfield>
   <subfield code="l">UEP01</subfield>
   <subfield code="m">BOOK</subfield>
   <subfield code="q">Knihovna JM - sklad</subfield>
   <subfield code="r">Dějiny VŠE</subfield>
   <subfield code="t">na 1 měsíc</subfield>
   <subfield code="u">UEP01</subfield>
   <subfield code="w">20180620</subfield>
  </datafield>
  <datafield tag="996" ind1=" " ind2=" ">
   <subfield code="1">PSKLA</subfield>
   <subfield code="2">SVSE</subfield>
   <subfield code="3">F221145/IIa</subfield>
   <subfield code="4">N:vl. tisk</subfield>
   <subfield code="5">3142312138</subfield>
   <subfield code="8">20180321</subfield>
   <subfield code="9">378.6SKŘ</subfield>
   <subfield code="f">81</subfield>
   <subfield code="l">UEP01</subfield>
   <subfield code="m">BOOK</subfield>
   <subfield code="q">Knihovna Žižkov - sklad</subfield>
   <subfield code="r">Dějiny VŠE</subfield>
   <subfield code="t">na 1 měsíc</subfield>
   <subfield code="u">UEP01</subfield>
   <subfield code="w">20180321</subfield>
  </datafield>
  <datafield tag="996" ind1=" " ind2=" ">
   <subfield code="1">PSKLA</subfield>
   <subfield code="2">SVSE</subfield>
   <subfield code="3">F221145/IIb</subfield>
   <subfield code="4">N:vl. tisk</subfield>
   <subfield code="5">3142312139</subfield>
   <subfield code="8">20180321</subfield>
   <subfield code="9">378.6SKŘ</subfield>
   <subfield code="f">81</subfield>
   <subfield code="l">UEP01</subfield>
   <subfield code="m">BOOK</subfield>
   <subfield code="q">Knihovna Žižkov - sklad</subfield>
   <subfield code="r">Dějiny VŠE</subfield>
   <subfield code="t">na 1 měsíc</subfield>
   <subfield code="u">UEP01</subfield>
   <subfield code="w">20180321</subfield>
  </datafield>
  <datafield tag="996" ind1=" " ind2=" ">
   <subfield code="1">PSKLA</subfield>
   <subfield code="2">SVSE</subfield>
   <subfield code="3">F221145/IIe</subfield>
   <subfield code="4">N:náhrada</subfield>
   <subfield code="5">3142354645</subfield>
   <subfield code="8">20211122</subfield>
   <subfield code="9">378.6SKŘ</subfield>
   <subfield code="f">81</subfield>
   <subfield code="l">UEP01</subfield>
   <subfield code="m">BOOK</subfield>
   <subfield code="q">Knihovna Žižkov - sklad</subfield>
   <subfield code="r">Dějiny VŠE</subfield>
   <subfield code="t">na 1 měsíc</subfield>
   <subfield code="u">UEP01</subfield>
   <subfield code="w">20211123</subfield>
  </datafield>
  <datafield tag="996" ind1=" " ind2=" ">
   <subfield code="1">PSKLA</subfield>
   <subfield code="3">F221145/IIf</subfield>
   <subfield code="4">N:G</subfield>
   <subfield code="5">3142371813</subfield>
   <subfield code="8">20241111</subfield>
   <subfield code="9">378.6SKŘ</subfield>
   <subfield code="f">81</subfield>
   <subfield code="l">UEP01</subfield>
   <subfield code="m">BOOK</subfield>
   <subfield code="q">Knihovna Žižkov - sklad</subfield>
   <subfield code="t">na 1 měsíc</subfield>
   <subfield code="u">UEP01</subfield>
   <subfield code="w">20241115</subfield>
  </datafield>
  <datafield tag="996" ind1=" " ind2=" ">
   <subfield code="1">PSTUD</subfield>
   <subfield code="2">SVSE</subfield>
   <subfield code="3">F221145/II</subfield>
   <subfield code="4">N:vl. tisk</subfield>
   <subfield code="5">3142312137</subfield>
   <subfield code="8">20180321</subfield>
   <subfield code="9">378.6SKŘ</subfield>
   <subfield code="f">85</subfield>
   <subfield code="l">UEP01</subfield>
   <subfield code="m">BOOK</subfield>
   <subfield code="q">Studovna Žižkov</subfield>
   <subfield code="r">Dějiny VŠE</subfield>
   <subfield code="t">prezenční</subfield>
   <subfield code="u">UEP01</subfield>
   <subfield code="w">20180326</subfield>
  </datafield>
 </record>
</collection>
